000 00733nam a2200193Ii 4500
003 JO-AjNU
008 230605s9999||||xx |||||||||||||| ||und||
040 _aJO-AjNU
_bara
_erda
_cJO-AjNU
041 _aara
050 1 4 _aPJ7750.A25.Z48 1976
100 3 _aشرح وتحقيق خليفة،عبد الكريم,
_eauthor
_914529
245 0 0 _aرسائل أبي العلاء المعري، الجزء الثاني
264 3 1 _aعمان:اللجنة الأردية للتعريب والترجمة والنشر،1976
300 _aج2، 488ص
336 _atext
_btxt
_2rdacontent
337 _aunmediated
_bn
_2rdamedia
338 _avolume
_bnc
_2rdacarrier
650 4 _a الرسائل العربية - العصر العباسي
_914530
999 _aA3896
_c7464
_d7464